The beginnings of Rome : Italy and Rome from the Bronze Age to the Punic Wars (c. 1000-264 BC)
Αποθηκεύτηκε σε:
| Κύριος συγγραφέας: | |
|---|---|
| Μορφή: | Βιβλίο |
| Γλώσσα: | English |
| Δημοσίευση: |
London :
Routledge,
2007, 1995
|
| Σειρά: | Routledge history of the ancient world
|
| Θέματα: | |
| Ετικέτες: |
Προσθήκη ετικέτας
Δεν υπάρχουν, Καταχωρήστε ετικέτα πρώτοι!
|
MARC
| LEADER | 00000nam a2200000 i 4500 | ||
|---|---|---|---|
| 001 | 1/85789 | ||
| 008 | 080521r20071995 eng d | ||
| 020 | |a 978-0-415-01596-7 | ||
| 035 | |l 10097505 | ||
| 040 | |a GR-MY-UA |b gre |e aacr | ||
| 041 | 0 | |a eng | |
| 082 | 0 | |a 937.01 |2 (22) | |
| 100 | 1 | |a Cornell, Tim. | |
| 245 | 1 | 4 | |a The beginnings of Rome : |b Italy and Rome from the Bronze Age to the Punic Wars (c. 1000-264 BC) / |c T.J. Cornell. |
| 260 | |a London : |b Routledge, |c 2007, 1995 | ||
| 300 | |a xx, 507 σ.; |b εικ., πίν. ; |c 24 εκ. | ||
| 490 | 1 | |a Routledge history of the ancient world | |
| 504 | |a Βιβλιογραφία: σ. 472-491 | ||
| 504 | |a Ευρετήριο: σ. 492-507 | ||
| 651 | 0 | |a Rome |x History |y Kings, 753-510 B.C. | |
| 830 | 0 | |a Routledge history of the ancient world | |
| 852 | |a INST |b LESVOS |e 20080521 |h 937.01 COR |p 005100042541 |q 005100042541 |t BK |y 0 | ||
| 901 | |a BIBL1-2008-2 | ||
| 909 | |a Λ |b 144040 | ||
| 922 | |a 1ΕΛΗ |b 200801 |c ΕΠΕΑΕΚ2/ΤΚΑ |d ΕΛΕΥΘΕΡΟΥΔΑΚΗΣ | ||
| 970 | |a ΧΑΤΖΗΜΙΧΑΗΛ |b ΜΑΡΙΑ |z 2008/05/21 | ||